[Event "Barcelona Sants op 16th"]
[Site "Barcelona"]
[Date "2014.08.22"]
[Round "1"]
[White "Diaz Camallonga, Carles"]
[Black "Tadevosyan, Galust"]
[Result "1-0"]
[WhiteElo "2261"]
[BlackElo "1864"]
[PlyCount "63"]
[EventDate "2014.08.22"]
[EventType "swiss"]
[EventRounds "10"]
[EventCountry "ESP"]
[SourceTitle "CBM 162 Extra"]
[Source "ChessBase"]
[SourceDate "2014.10.17"]
[SourceVersion "1"]
[SourceVersionDate "2014.10.17"]
[SourceQuality "1"]

1. e4 e6 2. d4 d5 3. Nc3 Bb4 4. e5 c5 5. Bd2 Ne7 6. Nb5 0-0 7. c3 Ba5 8. dxc5 Bc7 9. f4 f6 10. exf6 Rxf6 11. Nxc7 Qxc7 12. Bd3 Qxc5 13. Qh5 Kf8 14. Nf3 Rh6 15. Qg5 Nd7 16. Nd4 Nf6 17. 0-0-0 Rh5 18. Qg3 Nf5 19. Nxf5 exf5 20. Qe3 Qa5 21. Kb1 Ng4 22. Qe2 Rh6 23. c4 Qc5 24. cxd5 Bd7 25. Rc1 Qb6 26. Bc4 Re8 27. Qd3 Kg8 28. Rhe1 Rxe1 29. Rxe1 Nf2 30. d6+ Re6 31. Qxf5 g6 32. Bxe6+ 1-0

[Event "Barcelona Sant Marti op-B 16th"]
[Site "Barcelona"]
[Date "2014.07.14"]
[Round "2"]
[White "Tadevosyan, Galust"]
[Black "Acriz Ibanez, Salvador"]
[Result "1-0"]
[WhiteElo "1843"]
[BlackElo "1700"]
[PlyCount "55"]
[EventDate "2014.07.13"]
[EventType "swiss"]
[EventRounds "9"]
[EventCountry "ESP"]
[SourceTitle "CBM 161 Extra"]
[Source "ChessBase"]
[SourceDate "2014.08.29"]
[SourceVersion "1"]
[SourceVersionDate "2014.08.29"]
[SourceQuality "1"]

1. e4 c5 2. Nf3 Nc6 3. Nc3 e5 4. Bc4 d6 5. d3 h6 6. Nd2 Nf6 7. Nf1 Be7 8. Ne3 0-0 9. 0-0 a6 10. a4 Nd4 11. Ned5 Nxd5 12. Nxd5 Bg5 13. f4 exf4 14. Bxf4 Bxf4 15. Nxf4 Qg5 16. c3 Ne6 17. Nd5 b6 18. Rf5 Qd8 19. Qb3 Nd4 20. cxd4 Bxf5 21. exf5 cxd4 22. f6 gxf6 23. Rf1 Re8 24. Nxf6+ Kg7 25. Nxe8+ Qxe8 26. Qd1 Qe3+ 27. Kh1 f6 28. Qg4+ 1-0

[Event "Barbera del Valles op 37th"]
[Site "Barbera del Valles"]
[Date "2014.07.12"]
[Round "9"]
[White "Tadevosyan, Galust"]
[Black "Balague Camps, Marc"]
[Result "1-0"]
[WhiteElo "1843"]
[BlackElo "2082"]
[PlyCount "135"]
[EventDate "2014.07.04"]
[EventType "swiss"]
[EventRounds "9"]
[EventCountry "ESP"]
[SourceTitle "CBM 161 Extra"]
[Source "ChessBase"]
[SourceDate "2014.08.29"]
[SourceVersion "1"]
[SourceVersionDate "2014.08.29"]
[SourceQuality "1"]

1. e4 c5 2. Nf3 Nc6 3. Nc3 e6 4. d4 cxd4 5. Nxd4 Qc7 6. Nxc6 bxc6 7. Qf3 Nf6 8. Qg3 e5 9. Bc4 d6 10. 0-0 Qd7 11. b3 h5 12. Qd3 Be7 13. Nd5 Nxd5 14. exd5 Bb7 15. Rd1 cxd5 16. Bxd5 Bxd5 17. Qxd5 0-0 18. c4 Qg4 19. Ba3 Rad8 20. h3 Qf5 21. Rd3 Bh4 22. Qf3 Qg6 23. Rd5 f5 24. Rad1 Be7 25. Ra5 f4 26. Qd5+ Kh7 27. f3 Qg3 28. Rxa7 Bh4 29. Qe4+ Kh8 30. Qe2 e4 31. Bb2 Rg8 32. fxe4 Qe3+ 33. Qxe3 fxe3 34. Rd5 Bf2+ 35. Kf1 Kh7 36. Rxh5+ Kg6 37. g4 Rde8 38. h4 Rxe4 39. Rg5+ Kh6 40. Rh5+ Kg6 41. Ke2 Rxg4 42. Rg5+ Rxg5 43. hxg5 Bh4 44. Kxe3 Bxg5+ 45. Ke4 Re8+ 46. Kd5 Be7 47. b4 Kf7 48. b5 Rb8 49. Bxg7 Rg8 50. Bd4 Rg5+ 51. Kc6 Rg4 52. Kd5 Rg5+ 53. Ke4 Rg4+ 54. Kd3 Ke6 55. b6 Bd8 56. Ra8 Rg3+ 57. Kc2 Rg2+ 58. Kb3 Rg3+ 59. Kb4 Kd7 60. b7 Bc7 61. b8Q Bxb8 62. Rxb8 Rg4 63. Bb6 d5 64. Kb5 dxc4 65. Rd8+ Ke7 66. Rd4 Rxd4 67. Bxd4 Kd6 68. Kb6 1-0

[Event "Barcelona Sant Marti op-B 15th"]
[Site "Barcelona"]
[Date "2013.07.14"]
[Round "2"]
[White "Tadevosyan, Galust"]
[Black "Espinosa Cebrian, Carlos"]
[Result "0-1"]
[WhiteElo "1732"]
[BlackElo "1861"]
[PlyCount "106"]
[EventDate "2013.07.13"]
[EventType "swiss"]
[EventRounds "9"]
[EventCountry "ESP"]
[SourceTitle "CBM 155 Extra"]
[Source "ChessBase"]
[SourceDate "2013.08.26"]
[SourceVersion "1"]
[SourceVersionDate "2013.08.26"]
[SourceQuality "1"]

1. e4 Nc6 2. Nc3 Nf6 3. d4 d5 4. e5 Ne4 5. Nxe4 dxe4 6. Bb5 a6 7. Bxc6+ bxc6 8. c4 g6 9. Be3 Bg7 10. Ne2 c5 11. Qc2 Bb7 12. Rd1 cxd4 13. Bxd4 Qc8 14. e6 0-0 15. exf7+ Rxf7 16. Bxg7 Kxg7 17. 0-0 c5 18. Nc3 Qg4 19. Nd5 Raf8 20. Ne3 Qg5 21. Qb3 e5 22. Qb6 Rc8 23. a3 Rc6 24. Qd8 Qxd8 25. Rxd8 Rb6 26. Rd2 Rb3 27. Rfd1 Rb6 28. Ng4 Re7 29. Rd7 Kf8 30. Rxe7 Kxe7 31. Rd2 Ke6 32. Kf1 Rb3 33. Ke2 Rd3 34. Ne3 Rd4 35. Rc2 a5 36. Rc3 Ba6 37. b3 Bb7 38. g3 g5 39. Nc2 Rd8 40. b4 axb4 41. axb4 cxb4 42. Nxb4 Ra8 43. g4 Ra4 44. Rb3 Kd6 45. Kd2 Kc5 46. Kc3 Ba8 47. Rb2 Ra3+ 48. Rb3 Rxb3+ 49. Kxb3 Kd4 50. Na2 e3 51. fxe3+ Kxe3 52. Kb4 Kf3 53. Kc5 e4 0-1